=LDR 00000nam 2200000 4500 =001 INLIS000000000042618 =005 20131008015423 =008 ***********************************Ind** =035 ##$$0010-101300000000540 =041 ##$$a Ind =082 ##$$a 616.994 =090 ##$$a 616.994, Joa s =100 ##$$a Joane Frankel =245 ##$$a 100 tanya jawab mengenai gejala kanker dan efek samping pengobatan kanker, Joane Frankel; Penerjemah, Shantyana =260 ##$$a 2011 $b Jakarta =300 ##$$a IV, 219 hlm., 23 cm =650 ##$$a Kanker Penyakit =700 ##$$a Shantyana =850 ##$$a NBPNMAT =990 ##$$a 3618336183 =990 ##$$a 01201713439 =990 ##$$a 06660666 =990 ##$$a 21300408 =990 ##$$a 01201713439